千葉県の難読地名 30コ - Statistics

General Stats
  • This quiz has been taken 115 times
  • The average score is 5 of 30
Answer Stats
漢字 回答 % Correct
検見川(千葉市花見川区) けみがわ
97%
木下(印西市) きおろし
71%
求名(東金市) ぐみょう
70%
登戸(千葉市中央区) のぶと
61%
飯給(市原市) いたぶ
39%
猫実(浦安市) ねこざね
26%
神々廻(白井市) ししば
16%
園生町(千葉市稲毛区) そんのうちょう
12%
浜行川(勝浦市) はまなめかわ
12%
若白毛(柏市) わかしらが
11%
稲荷木(市川市) とうかぎ
9%
北方町(市川市) ぼっけまち
8%
座生(野田市) ざおう
8%
七畝割(松戸市) ななせわり
7%
墨名(勝浦市) とな
6%
行々林(船橋市) おどろばやし
4%
篠籠田(柏市) しこだ
4%
廿五里(市原市) ついへいじ
4%
奉免町(市川市) ほうめまち
2%
金束(鴨川市) こづか
2%
主基西(鴨川市) すきにし
2%
北風原(鴨川市) ならいはら
2%
次木(野田市) なみき
1%
日秀(我孫子市) ひびり
1%
打墨(鴨川市) うつつみ
1%
丁子(香取市) ようろご
1%
忽戸(南房総市) こっと
1%
文違(八街市) ひじかい
1%
大豆谷(東金市) まめざく
0%
都部(我孫子市) いちぶ
0%
No matching quizzes found
Score Distribution
Percent of People with Each Score
Percentile by Number Answered
Your Score History
You have not taken this quiz